Christi vestigia sequentes: appunti di teologia morale fondamentale

Uloženo v:
Podrobná bibliografie
Hlavní autor: Demmer, Klaus (Autor)
Médium: Kniha
Jazyk:španělština
Vydáno: Roma Pontificia Università Gregoriana 1990
Vydání:2a. ed
Témata:
Tagy: Přidat tag
Žádné tagy, Buďte první, kdo vytvoří štítek k tomuto záznamu!

MARC

LEADER 00000nam a2200000 a 4500
001 UCI7057
003 CL-VaPUC
008 080605e19900000IT |||||||||||||||||spa|d
082 0 4 |a 241  |b DEM  |2 21 
100 0 |a Demmer, Klaus  |e author  |9 530165 
245 1 0 |a Christi vestigia sequentes: appunti di teologia morale fondamentale 
250 |a 2a. ed 
300 |a 401 p 
942 |c BK 
945 |d 20080605 00:00:00  |a jtorresc 
260 |a Roma  |b Pontificia Università Gregoriana  |c 1990 
650 0 |a Teología moral   |9 256617 
583 |a last modification  |c 20080605 00:00:00  |k Rodrigo Vera 
999 |c 330456  |d 330454 
952 |0 0  |1 0  |4 0  |6 241_000000000000000_DEM_1990  |7 0  |8 A  |9 416012  |a BIBTEO  |b BIBTEO  |d 2019-11-22  |i 4445759  |o 241 DEM 1990  |p 4445759  |r 2025-01-17  |w 2019-11-22  |y BK  |k ICR